000 01299ngm a22003730a 4500
001 PT32179
003 AR-LpoUNG
005 20210202000430.0
007 vd cvaizq
008 191001s1981||||ag |||||||||||||||||spa d
040 _aAR-LpoUNG
_bspa
_cAR-LpoUNG
_eaacr
041 _aspa
044 _aag
082 0 _a174.9 714tie
100 1 _aAristarain, Adolfo
_edir.
245 1 0 _aTiempo de revancha
260 _aBuenos Aires :
_bPerfil,
_c1981.
300 _aDVD (112 min.) : son., col.
520 _aPedro Bengoa es un trabajador especializado en explosivos. Viaja con su familia al sur contratdo por una empresa constructora y alli junto con un viejo amigo tomará conciencia de todas las infracciones del grupo financiero a las leyes laborales. Una lucha por los principios éticos y morales que no se detendrá hasta un imprevisto y conmovedor final.
650 4 _aCONDICIONES DE TRABAJO
650 4 _aETICA
650 4 _aLEGISLACION DEL TRABAJO
650 4 _aNORMAS SOCIALES
650 4 _aPROBLEMAS SOCIALES
650 4 _aSISTEMAS DE VALORES
650 4 _aSOCIEDAD
650 4 _aTRABAJO
651 4 _aArgentina
653 _aCINE ARGENTINO
653 _aVIDEOS
710 2 _aAries Cinematográfica Argentina (firma comercial)
905 _a32179
942 _cDVD
999 _c54836
_d54836